Statistics for Five Letter General Knowledge #1

Click here to take the quiz!

General Stats

  • This quiz has been taken 66 times
  • The average score is 13 of 20

Answer Stats

QuestionAnswer% Correct
What is the only country where giant pandas live in the wild?China
98%
In what language was Catholic mass always delivered, until the 1960s?Latin
88%
What is the name of the type of wild dog found in Australia?Dingo
78%
What political organization has controlled the Gaza strip since 2007?Hamas
77%
What type of animal was subject of the book "Black Beauty"?Horse
75%
What prefix can come before violet, sound, and orthodox?Ultra
75%
What language is most commonly spoken in Flanders?Dutch
73%
What musical word starts with W and ends in Z?Waltz
70%
What is either a punctuation mark or a part of the digestive system?Colon
68%
What former country was ruled by the Dalai Lama?Tibet
68%
What does the Italian word "bambino" mean?Child
67%
What weapon did David use to defeat Goliath?Sling
57%
What country inspired Starbucks - but had no Starbucks locations until 2018?Italy
53%
In what city would you find the world's largest mosque, capable of holding 4 million people?Mecca
53%
Who is the Roman goddess of love and beauty?Venus
53%
On what river does the city formerly known as Stalingrad lie?Volga
50%
During their 40 years in the desert, what did the Israelites eat?Manna
48%
Complete the quote: "Rule Britannia! Britannia rule the _____".Waves
43%
What taxonomic rank comes between Family and Species?Genus
42%
What is Indiana Jones's real first name?Henry
30%

Score Distribution

Percentile by Number Answered

Percent of People with Each Score

Your Score History

You have not taken this quiz